| 000 -CABECERA |
| Longitud fija campo de control |
01197nam a2200253 i 4500 |
| 001 - NÚMERO DE CONTROL |
| Número de control |
991058478168306706 |
| 003 - IDENTIFICADOR DEL NÚMERO DE CONTROL |
| Identificador del número de control |
OSt |
| 005 - FECHA Y HORA DE LA ÚLTIMA TRANSACCIÓN |
| Fecha y hora de la última transacción |
20240522142028.0 |
| 006 - CÓDIGOS DE INFORMACIÓN DE LONGITUD FIJA - CARACTERÍSTICAS DEL MATERIAL ADICIONAL |
| Códigos de información de longitud fija - Caracter&íacute;sticas del material adicional |
m o d | |
| 007 - CAMPO FIJO DE DESCRIPCIÓN FÍSICA |
| Campo fijo de descripción f&íacute;sica |
cr ||||||||||| |
| 008 - CÓDIGOS DE INFORMACIÓN DE LONGITUD FIJA |
| Códigos de información de longitud fija |
201029s2019 sp a ob 000 0 spa d |
| 040 ## - FUENTE DE LA CATALOGACIÓN |
| Centro catalogador de origen |
CDMR |
| Centro transcriptor |
CDMR |
| Lengua de catalogación |
cat |
| 110 1# - PUNTO DE ACCESO PRINCIPAL-NOMBRE DE ENTIDAD CORPORATIVA |
| 9 (RLIN) |
828 |
| Nombre de entidad corporativa o nombre de jurisdicción como elemento inicial |
Consell de l'Audiovisual de Catalunya |
| 245 10 - MENCIÓN DE TÍTULO |
| Título |
Recomanacions sobre el tractament de les persones lesbianes, gais, bisexuals, transgèneres i intersexuals (LGBTI) als mitjans audiovisuals |
| Mención de responsabilidad, etc. |
/ Consell de l'Audiovisual de Catalunya, Generalitat de Catalunya. Departament de Treball, Afers Socials i Famílies, Col·legi de Periodistes de Catalunya |
| 264 #1 - PRODUCCIÓN, PUBLICACIÓN , DISTRIBUCIÓN, FABRICACIÓN Y COPYRIGHT |
| Fecha de de producción, publicación, distribución, fabricación o copyright |
2017 |
| 300 ## - DESCRIPCIÓN FÍSICA |
| Extensión |
1 recurs electrònic (24 pàgines) |
| 505 ## - NOTA DE CONTENIDO CON FORMATO |
| Nota de contenido con formato |
Aquestes recomanacions han estat actualitzades per una altra versió publicada el 2024 |
| 650 #0 - PUNTO DE ACCESO ADICIONAL DE MATERIA - TÉRMINO DE MATERIA |
| Término de materia o nombre geográfico como elemento inicial |
Ètica periodística |
| 9 (RLIN) |
983 |
| 650 #0 - PUNTO DE ACCESO ADICIONAL DE MATERIA - TÉRMINO DE MATERIA |
| Término de materia o nombre geográfico como elemento inicial |
Mitjans de comunicació de massa i minories |
| 9 (RLIN) |
3830 |
| 710 1# - PUNTO DE ACCESO ADICIONAL - NOMBRE DE ENTIDAD |
| 9 (RLIN) |
1064 |
| Nombre de entidad o nombre de jurisdicción como elemento inicial |
Catalunya |
| Unidad subordinada |
-- Generalitat. Departament de Treball, Afers Socials i Famílies |
| 710 2# - PUNTO DE ACCESO ADICIONAL - NOMBRE DE ENTIDAD |
| 9 (RLIN) |
133 |
| Nombre de entidad o nombre de jurisdicción como elemento inicial |
Col·legi de Periodistes de Catalunya |
| 856 ## - LOCALIZACIÓN Y ACCESO ELECTRÓNICO |
| Nota pública |
Accés en línia |
| Identificador Uniforme del Recurso (URI) |
<a href="https://omeka.periodistes.cat/items/show/496">https://omeka.periodistes.cat/items/show/496</a> |
| 942 ## - ENTRADA DE ELEMENTOS AGREGADOS (KOHA) |
| Fuente de clasificaión o esquema |
|
| Koha [por defecto] tipo de item |
Recursos en línia |